000 00604naa a2200217 i 4500
001 35144
003 ES-MaBCM
005 20241016103810.0
008 950614s1995 fra 000 0 fre d
021 _axx
035 _a(OCoLC)1365263277
040 _cES-MaBCM
041 0 _afre
043 _afra
100 1 _aBruron, Jacques
_96789
245 1 3 _aLa repression pénale de la fraude fiscale
_cJacques Bruron
650 7 _aDelito fiscal
_958257
651 4 _aFrancia
_9115364
773 0 _aEn:
_tLes notes bleues de Bercy
_dParis : 1995
_w104642
_gnº 64, juin, p. 1-8. - Loc. S.326
942 _cAREV
999 _c35144
_d35144